000 00927nas a2200289 4500
001 BR0202296
003 BR-BrBNA
005 20231205102934.0
007 ta
008 230509b bl.|||p| |||| 00| 00por d
040 _aBR-BrBNA
_bpor
_cBiblioteca Nacional de Agricultura
041 _a(Pt)
072 _aN20; Q70
100 1 _aSchulz, C.K.
100 1 _aSantos, M.S. dos
100 1 _aKoetz, P.R.
100 1 _aVschornck, F.
245 1 _aTratamento de efluentes da indústria de arroz parbolizado em reatores EGSB
650 _aARROZ PARBOILIZADO
650 _aEQUIPAMENTO AGRÍCOLA
650 _aTECNOLOGIA APROPRIADA
650 _aRESÍDUO
773 0 _tRevista Brasileira de Agrociência (Brazil)
_xISSN 0104-8996
_g(Jan-Apr 2001), v. 7(1) p. 68-72
_wBR0202296
856 4 0 _uhttp://www.ufpel.tche.br/faem/agrociencia/v7n1/artigo15.pdf
909 _a202311
_bLúcia
_c55
_dLúcia Elande
942 _2AGRIS
_n0
_cANA
999 _c170170
_d170170